|
|
|
|
| LEADER |
00000nam0a2200000 4500 |
| 001 |
365164 |
| 005 |
20231102011747.0 |
| 035 |
|
|
|a (RuTPU)RU\TPU\retro\22527
|
| 090 |
|
|
|a 365164
|
| 100 |
|
|
|a 20211216d1980 m y0rusy50 ca
|
| 101 |
0 |
|
|a rus
|
| 102 |
|
|
|a RU
|
| 105 |
|
|
|a a j 001zy
|
| 200 |
1 |
|
|a Производство полиолефинов и полимеров для пластмасс
|e конспект лекций
|f И. А. Голубева, Р. И. Федорова
|g Московский институт нефтехимической и газовой промышленности им. И. М. Губкина
|
| 210 |
|
|
|a Москва
|c [Б. и.]
|d 1980
|
| 215 |
|
|
|a 36 с.
|c ил.
|
| 320 |
|
|
|a Библиогр.: с. 35
|
| 606 |
1 |
|
|a Пластмассы
|x Производство
|2 stltpush
|3 (RuTPU)RU\TPU\subj\80584
|9 88225
|
| 610 |
1 |
|
|a высокомолекулярные соединения
|
| 610 |
1 |
|
|a полиолефины
|
| 610 |
1 |
|
|a полимеризационные пластмассы
|
| 610 |
1 |
|
|a поликонденсационные пластические массы
|
| 610 |
1 |
|
|a лекции
|
| 610 |
1 |
|
|a учебные пособия
|
| 675 |
|
|
|a 678.5.02(075.8)
|v 4
|
| 700 |
|
1 |
|a Голубева
|b И. А.
|
| 701 |
|
1 |
|a Федорова
|b Р. И.
|
| 712 |
0 |
2 |
|a Московский институт нефтехимической и газовой промышленности им. И. М. Губкина
|c (1958-1991)
|2 stltpush
|3 (RuTPU)RU\TPU\col\5781
|9 24121
|
| 801 |
|
1 |
|a RU
|b 63413507
|c 20211216
|
| 942 |
|
|
|c BK
|